Speaker Segmentation Transcription (SST) / (Record no. 603258)
[ view plain ]
| 000 -LEADER | |
|---|---|
| fixed length control field | 00719nam a22001817a 4500 |
| 003 - CONTROL NUMBER IDENTIFIER | |
| control field | NUST |
| 040 ## - CATALOGING SOURCE | |
| Original cataloging agency | 0 |
| 082 ## - DEWEY DECIMAL CLASSIFICATION NUMBER | |
| Classification number | 621.382,ASI |
| 100 ## - MAIN ENTRY--PERSONAL NAME | |
| Personal name | Ahmad, Talha |
| 245 ## - TITLE STATEMENT | |
| Title | Speaker Segmentation Transcription (SST) / |
| Statement of responsibility, etc. | GC Talha Ahmad, GC Shuban Asif, GC Muhammad Talha. (TCC-31 / BETE-56) |
| 264 ## - PRODUCTION, PUBLICATION, DISTRIBUTION, MANUFACTURE, AND COPYRIGHT NOTICE | |
| Place of production, publication, distribution, manufacture | Rawalpindi |
| Name of producer, publisher, distributor, manufacturer | MCS (NUST) |
| Date of production, publication, distribution, manufacture, or copyright notice | 2023 |
| 300 ## - PHYSICAL DESCRIPTION | |
| Extent | 49 p.; |
| 505 ## - FORMATTED CONTENTS NOTE | |
| Formatted contents note | Introduction (Page-10), Literature Review (Page-16), Speaker Segmentation Methodology (Page-21), Software Requirement Engineering (Page-35), Analysis (Page-43), Conclusion (Page-45). |
| 650 ## - SUBJECT ADDED ENTRY--TOPICAL TERM | |
| Topical term or geographic name entry element | UG EE Project |
| 690 ## - LOCAL SUBJECT ADDED ENTRY--TOPICAL TERM (OCLC, RLIN) | |
| Topical term or geographic name as entry element | TCC-31 / BETE-56 |
| 700 ## - ADDED ENTRY--PERSONAL NAME | |
| Personal name | Supervised by Dr. Shibli Nisar |
| 942 ## - ADDED ENTRY ELEMENTS (KOHA) | |
| Source of classification or shelving scheme | |
| Koha item type | Project Report |
| Withdrawn status | Permanent Location | Current Location | Shelving location | Date acquired | Full call number | Barcode | Koha item type |
|---|---|---|---|---|---|---|---|
| Military College of Signals (MCS) | Military College of Signals (MCS) | Thesis | 09/26/2023 | 621.382,ASI | MCSPTC-438 | Project Report |
